Beyond the pale : white women, racism, and history = Más allá del límite: las mujeres blancas, racismo, e historia /

Salvato in:
Dettagli Bibliografici
Autore principale: Ware, Vron
Natura: Sconosciuto
Lingua:English
Pubblicazione: Londres; New York : Verso, 1992.
Soggetti:
Tags: Aggiungi Tag
Nessun Tag, puoi essere il primo ad aggiungerne!!

MARC

LEADER 000000000a22000000004500
001 015173
020 |a 0860915522 
041 0 |a eng 
082 0 4 |a 305.42   |b W272b 
100 1 |a Ware, Vron 
245 1 0 |a Beyond the pale :   |b white women, racism, and history = Más allá del límite: las mujeres blancas, racismo, e historia /   |c Vron Ware. 
246 3 1 |a Más allá del límite: las mujeres blancas, racismo, e historia 
260 1 |a Londres; New York :   |b Verso,   |c 1992. 
300 |a 263 páginas 
650 4 |a FEMINISMO 
650 4 |a MUJERES 
650 4 |a RACISMO 
650 4 |a HISTORIA 
500 |a Colección George Yúdice 
999 |c 21031  |d 21031 
942 |c BK  |h 305.42 W272b  |2 z